000 00358nam a2200145 i 4500
001 bg
100 1 _aKURNIK, Zdzisław
245 0 _aMateriały pomocnicze do ćwiczeń z technologii betonu /
_cZ. Kurnik.
250 _aWyd.5 zm.
260 _aKraków,
_c1985.
040 _cBPK
041 _apol
942 _cKS
008 s pl f |000 0 pol
999 _c2604
_d2604
856 _uhttp://koha.tu.koszalin.pl/cgi-bin/koha/opac-detail.pl?biblionumber=2604
_yKatalog online BPK